000 00533nam a2200169 i 4500
001 81850
003 ES-MaACL
005 20231227193959.0
007 t|
008 041108s1941 sp ||||1| spa d
100 1 _aIbáñez Martín, José,
_d1896-1969
_964934
245 1 0 _aLabor de un año en el Consejo Superior de Investigaciones Científicas /
_cJosé Ibáñez Martínez.
260 _aMadrid :
_b[s.n.,
_c1941] (
_fSamarán)
300 _a34 p. ;
_c25 cm.
852 _aES-MaACL
_j1832-F-11
_bR.19388
999 _c81850
_d81850